States and citizens : History, theory, prospects
States and Citizens offers a coherent survey of perceptions of the state, its history, its theoretical underpinnings, and its prospects in the contemporary world. The coverage of the Western European experience is thorough and wide-ranging, with the greatest post-colonial democratic state, India, as...
Shranjeno v:
| Format: | Knjiga |
|---|---|
| Jezik: | Undetermined |
| Izdano: |
Cambridge, U.K.
Cambridge University Press
2003
|
| Teme: | |
| Oznake: |
Označite
Brez oznak, prvi označite!
|
| Thư viện lưu trữ: | Trung tâm Học liệu Trường Đại học Cần Thơ |
|---|
| LEADER | 01218nam a2200217Ia 4500 | ||
|---|---|---|---|
| 001 | CTU_152347 | ||
| 008 | 210402s9999 xx 000 0 und d | ||
| 020 | |c 27.99 | ||
| 082 | |a 320.1 | ||
| 082 | |b S797 | ||
| 245 | 0 | |a States and citizens : | |
| 245 | 0 | |b History, theory, prospects | |
| 245 | 0 | |c Edited by Quentin Skinner, Bo Strath | |
| 260 | |a Cambridge, U.K. | ||
| 260 | |b Cambridge University Press | ||
| 260 | |c 2003 | ||
| 520 | |a States and Citizens offers a coherent survey of perceptions of the state, its history, its theoretical underpinnings, and its prospects in the contemporary world. The coverage of the Western European experience is thorough and wide-ranging, with the greatest post-colonial democratic state, India, as an important comparative example. The provocative and accessible contributions of a very distinguished and genuinely pan-European team of contributors ensure that States and Citizens provides a unique and valuable resource, of interest to students and teachers of the history of ideas, political theory and European studies. | ||
| 650 | |a State, the,Citizenship | ||
| 650 | |x History,History | ||
| 904 | |i Qhieupha | ||
| 980 | |a Trung tâm Học liệu Trường Đại học Cần Thơ | ||